00748 2200205 4500001002100000005001500021035002000036008004100056245005000097100002200147250000600169260003800175300001200213084001400225082000800239650001000247520026100257990001200518990001200530INLIS00000000000088220240604091600 a0010-0524000117240604 1 ind 1 aMutiara Di Kota Melbourne /cJonathan Sarwono aSarwono, Jonathan a1 aYogyakarta :bSheila/ Andi,c2007 a206 hlm a813 JON m a813 4aFiksi aMembaca novel ini tak hanya menikmati sebuah kisah, tapi juga pemandangan indah dari kota Melbourne yang cantik. Telusuri pantai berombak St Kilda, Luna Park, Palais Theatre, dan akhiri dengan makan malam di Acland Street Cafes. Serasa berkelana di Aussie! a0741364 a0741365